Southville International School and Colleges
Your cart is empty.
  • Cart
  • Lists
    Public lists Eva Luna New books Lux_list list_1
    Your lists Log in to create your own lists
  • Log in to your account
  • Your cookies
  • Search history
Southville International School and Colleges
  • Advanced search
  • Recent comments
  • Most popular
  • Libraries

Log in to your account

Log in with GOOGLE


If you do not have an external account, but do have a local account, you can still log in:

  1. Home
  2. MARC view: Envision it! Visual skills handbook : Reading Street Grade 3.2.
Normal view MARC view ISBD view

Envision it! Visual skills handbook : Reading Street Grade 3.2. (Record no. 115273)

[ view plain ]
MARC details
000 -LEADER
fixed length control field 00777nam a2200205 a 4500
005 - DATE AND TIME OF LATEST TRANSACTION
control field 20140414132131.0
008 - FIXED-LENGTH DATA ELEMENTS--GENERAL INFORMATION
fixed length control field 130604s19uu xx 00 eng d
020 ## - INTERNATIONAL STANDARD BOOK NUMBER
International Standard Book Number 0328688207
050 ## - LIBRARY OF CONGRESS CALL NUMBER
Classification number TR 372.4
Item number F716 2011
100 ## - MAIN ENTRY--PERSONAL NAME
Personal name Foresman, Scott
245 ## - TITLE STATEMENT
Title Envision it! Visual skills handbook : Reading Street Grade 3.2.
250 ## - EDITION STATEMENT
Edition statement Student ed.
260 ## - PUBLICATION, DISTRIBUTION, ETC. (IMPRINT)
Place of publication, distribution, etc United States :
Name of publisher, distributor, etc Pearson Education,
Date of publication, distribution, etc 2011.
300 ## - PHYSICAL DESCRIPTION
Extent 571
440 ## - SERIES STATEMENT/ADDED ENTRY--TITLE
Title Reading Street
520 ## - SUMMARY, ETC.
Summary, etc Author's purpose, Cause and effect, Classify and categorize, Compare and contrast, Draw conclusions, Fact and opinion, Generalize, Main idea and details, Graphic sources, Literary elements, Sequence, Steps in a process
650 ## - SUBJECT ADDED ENTRY--TOPICAL TERM
Topical term or geographic name as entry element Reading-
650 ## - SUBJECT ADDED ENTRY--TOPICAL TERM
Topical term or geographic name as entry element Reading-study and teaching
Holdings
Withdrawn status Lost status Damaged status Use restrictions Home library Current library Shelving location Date acquired Source of acquisition Total Checkouts Full call number Barcode Date last seen Price effective from Koha item type
        Munich Library Munich Library Teachers Reference Section 06/04/2013     TR 372.4 F716 2011 M7281 04/14/2014 04/14/2014 Books

Envision it! Visual skills handbook : Reading Street Grade 3.2.

APA

Foresman S., . (2011). Envision it! Visual skills handbook : Reading Street Grade 3.2. United States: Pearson Education.

Chicago

Foresman Scott, . 2011. Envision it! Visual skills handbook : Reading Street Grade 3.2. United States: Pearson Education.

Harvard

Foresman S., . (2011). Envision it! Visual skills handbook : Reading Street Grade 3.2. United States: Pearson Education.

MLA

Foresman Scott, . Envision it! Visual skills handbook : Reading Street Grade 3.2. United States: Pearson Education. 2011.

  • Place hold
  • Print
  • Cite
  • Add to your cart (remove)
  • Save record
    BIBTEX Dublin Core MARCXML MARC (non-Unicode/MARC-8) MARC (Unicode/UTF-8) MARC (Unicode/UTF-8, Standard) MODS (XML) RIS
  • More searches
    Search for this title in:
    Other Libraries (WorldCat) Other Databases (Google Scholar) Online Stores (Bookfinder.com) Open Library (openlibrary.org)

Exporting to Dublin Core...

SOUTHVILLE LIBRARY

Southville International School and Colleges Library

1281 Tropical Ave. Cor. Luxembourg St., BF Homes International, Las Pinas City

Tel. No. 8256374 / 252358 Loc. 117/146

Powered by Koha